000 00306nam a22001337a 4500
008 170213b xxu||||| |||| 00| 0 eng d
020 _a067520653701
041 _aeng
080 _a61
100 _a4
101 _aSHM
245 _aASSEMENT AND REMEDIATION OF ARTICULATORY
_cCREAGHIEAD
942 _2udc
_cBK
999 _c5312
_d5312